| 000 | 00721cam a22002054a 4500 | ||
|---|---|---|---|
| 005 | 20250605164345.0 | ||
| 008 | 250528s ||||||||||||||||||||||||d | ||
| 035 | _a23831 | ||
| 020 | _a9789603513827 | ||
| 040 |
_aGR-AtMCL _bgre _dGR-AtMCL _eAACR2 |
||
| 245 | 1 | _aΗ λιμενική βιομηχανία | |
| 250 | _a1 | ||
| 260 |
_aΕλλάδα _bΕκδόσεις Σταμούλη Α.Ε, _c2001 |
||
| 300 | _a441 | ||
| 520 | _aΣτις προκλήσεις της παγκοσμιοποιημένης οικονομίας και των ολοκληρωμένων μεταφορικών συστημάτων | ||
| 700 | 1 |
_aΠαρδάλη Αγγελική _98696 |
|
| 942 | _cBK | ||
| 999 |
_c8758 _d8758 |
||